<?xml version="1.0" encoding="UTF-8"?>
<record
    xmlns:xsi="http://www.w3.org/2001/XMLSchema-instance"
    xsi:schemaLocation="http://www.loc.gov/MARC21/slim http://www.loc.gov/standards/marcxml/schema/MARC21slim.xsd"
    xmlns="http://www.loc.gov/MARC21/slim">

  <leader>01724nam a22002777a 4500</leader>
  <controlfield tag="003">NALT</controlfield>
  <controlfield tag="005">20240313073654.0</controlfield>
  <controlfield tag="008">170904b        th ||||| |||| 00| 0 tha d</controlfield>
  <datafield tag="020" ind1=" " ind2=" ">
    <subfield code="a">9786165431897</subfield>
  </datafield>
  <datafield tag="040" ind1=" " ind2=" ">
    <subfield code="a">NALT</subfield>
  </datafield>
  <datafield tag="050" ind1=" " ind2=" ">
    <subfield code="a">PZ 90.T5</subfield>
    <subfield code="b">&#xE0A;498&#xE01; 2555</subfield>
  </datafield>
  <datafield tag="100" ind1="0" ind2=" ">
    <subfield code="9">60872</subfield>
    <subfield code="a">&#xE0A;&#xE32;&#xE0D;&#xE28;&#xE34;&#xE25;&#xE1B;&#xE4C; &#xE01;&#xE34;&#xE15;&#xE15;&#xE34;&#xE42;&#xE0A;&#xE15;&#xE34;&#xE1E;&#xE32;&#xE13;&#xE34;&#xE0A;&#xE22;&#xE4C;</subfield>
  </datafield>
  <datafield tag="245" ind1="1" ind2="0">
    <subfield code="a">&#xE01;&#xE32;&#xE23;&#xE40;&#xE14;&#xE34;&#xE19;&#xE17;&#xE32;&#xE07;&#xE02;&#xE2D;&#xE07;&#xE04;&#xE27;&#xE32;&#xE21;&#xE2A;&#xE38;&#xE02; /</subfield>
    <subfield code="c">&#xE0A;&#xE32;&#xE0D;&#xE28;&#xE34;&#xE25;&#xE1B;&#xE4C; &#xE01;&#xE34;&#xE15;&#xE15;&#xE34;&#xE42;&#xE0A;&#xE15;&#xE34;&#xE1E;&#xE32;&#xE13;&#xE34;&#xE0A;&#xE22;&#xE4C; &#xE40;&#xE23;&#xE37;&#xE48;&#xE2D;&#xE07;&#xE41;&#xE25;&#xE30;&#xE20;&#xE32;&#xE1E; ; &#xE23;&#xE30;&#xE1E;&#xE35;&#xE1E;&#xE23;&#xE23;&#xE13; &#xE1E;&#xE31;&#xE12;&#xE19;&#xE32;&#xE40;&#xE27;&#xE0A; &#xE1A;&#xE23;&#xE23;&#xE13;&#xE32;&#xE18;&#xE34;&#xE01;&#xE32;&#xE23;.</subfield>
  </datafield>
  <datafield tag="250" ind1=" " ind2=" ">
    <subfield code="a">&#xE1E;&#xE34;&#xE21;&#xE1E;&#xE4C;&#xE04;&#xE23;&#xE31;&#xE49;&#xE07;&#xE17;&#xE35;&#xE48; 1.</subfield>
  </datafield>
  <datafield tag="260" ind1=" " ind2=" ">
    <subfield code="a">&#xE01;&#xE23;&#xE38;&#xE07;&#xE40;&#xE17;&#xE1E;&#xE2F; :</subfield>
    <subfield code="b">&#xE2A;&#xE33;&#xE19;&#xE31;&#xE01;&#xE07;&#xE32;&#xE19;&#xE28;&#xE34;&#xE25;&#xE1B;&#xE27;&#xE31;&#xE12;&#xE19;&#xE18;&#xE23;&#xE23;&#xE21;&#xE23;&#xE48;&#xE27;&#xE21;&#xE2A;&#xE21;&#xE31;&#xE22; &#xE01;&#xE23;&#xE30;&#xE17;&#xE23;&#xE27;&#xE07;&#xE27;&#xE31;&#xE12;&#xE19;&#xE18;&#xE23;&#xE23;&#xE21;,</subfield>
    <subfield code="c">2555. </subfield>
  </datafield>
  <datafield tag="300" ind1=" " ind2=" ">
    <subfield code="a">27 &#xE2B;&#xE19;&#xE49;&#xE32; : </subfield>
    <subfield code="b">&#xE20;&#xE32;&#xE1E;&#xE1B;&#xE23;&#xE30;&#xE01;&#xE2D;&#xE1A; ;</subfield>
    <subfield code="c">22 &#xE0B;&#xE21;.</subfield>
  </datafield>
  <datafield tag="490" ind1=" " ind2=" ">
    <subfield code="a">&#xE2B;&#xE19;&#xE31;&#xE07;&#xE2A;&#xE37;&#xE2D;&#xE0A;&#xE38;&#xE14;&#xE2A;&#xE33;&#xE2B;&#xE23;&#xE31;&#xE1A;&#xE40;&#xE22;&#xE32;&#xE27;&#xE0A;&#xE19; &#xE2B;&#xE19;&#xE31;&#xE07;&#xE2A;&#xE37;&#xE2D;&#xE2A;&#xE37;&#xE48;&#xE2D;&#xE1B;&#xE23;&#xE30;&#xE2A;&#xE21;&#xE40;&#xE09;&#xE25;&#xE34;&#xE21;&#xE1E;&#xE23;&#xE30;&#xE40;&#xE01;&#xE35;&#xE22;&#xE23;&#xE15;&#xE34; ;</subfield>
    <subfield code="v">&#xE40;&#xE25;&#xE48;&#xE21;&#xE17;&#xE35;&#xE48; 7.</subfield>
  </datafield>
  <datafield tag="600" ind1="0" ind2="0">
    <subfield code="a">&#xE20;&#xE39;&#xE21;&#xE34;&#xE1E;&#xE25;&#xE2D;&#xE14;&#xE38;&#xE25;&#xE22;&#xE40;&#xE14;&#xE0A;,</subfield>
    <subfield code="c">&#xE1E;&#xE23;&#xE30;&#xE1A;&#xE32;&#xE17;&#xE2A;&#xE21;&#xE40;&#xE14;&#xE47;&#xE08;&#xE1E;&#xE23;&#xE30;&#xE1B;&#xE23;&#xE21;&#xE34;&#xE19;&#xE17;&#xE23;&#xE21;&#xE2B;&#xE32;,</subfield>
    <subfield code="d">2470-2559</subfield>
    <subfield code="9">361</subfield>
  </datafield>
  <datafield tag="650" ind1=" " ind2="0">
    <subfield code="a">&#xE27;&#xE23;&#xE23;&#xE13;&#xE01;&#xE23;&#xE23;&#xE21;&#xE2A;&#xE33;&#xE2B;&#xE23;&#xE31;&#xE1A;&#xE40;&#xE14;&#xE47;&#xE01;</subfield>
    <subfield code="9">6470</subfield>
  </datafield>
  <datafield tag="650" ind1=" " ind2="4">
    <subfield code="9">48</subfield>
    <subfield code="a">&#xE01;&#xE29;&#xE31;&#xE15;&#xE23;&#xE34;&#xE22;&#xE4C;&#xE41;&#xE25;&#xE30;&#xE1C;&#xE39;&#xE49;&#xE04;&#xE23;&#xE2D;&#xE07;&#xE19;&#xE04;&#xE23;</subfield>
    <subfield code="z">&#xE44;&#xE17;&#xE22;</subfield>
  </datafield>
  <datafield tag="700" ind1="0" ind2=" ">
    <subfield code="a">&#xE23;&#xE30;&#xE1E;&#xE35;&#xE1E;&#xE23;&#xE23;&#xE13; &#xE1E;&#xE31;&#xE12;&#xE19;&#xE32;&#xE40;&#xE27;&#xE0A;</subfield>
    <subfield code="9">60868</subfield>
  </datafield>
  <datafield tag="850" ind1=" " ind2=" ">
    <subfield code="a">NALT</subfield>
  </datafield>
  <datafield tag="942" ind1=" " ind2=" ">
    <subfield code="2">lcc</subfield>
    <subfield code="c">GB</subfield>
  </datafield>
  <datafield tag="996" ind1=" " ind2=" ">
    <subfield code="a">phornvitoo</subfield>
    <subfield code="b">CATSTF	</subfield>
    <subfield code="c">2023-05-14</subfield>
  </datafield>
  <datafield tag="999" ind1=" " ind2=" ">
    <subfield code="c">102163</subfield>
    <subfield code="d">102163</subfield>
  </datafield>
  <datafield tag="998" ind1=" " ind2=" ">
    <subfield code="j"></subfield>
    <subfield code="k">CRON CRON</subfield>
  </datafield>
  <datafield tag="952" ind1=" " ind2=" ">
    <subfield code="0">0</subfield>
    <subfield code="1">0</subfield>
    <subfield code="2">lcc</subfield>
    <subfield code="4">0</subfield>
    <subfield code="7">0</subfield>
    <subfield code="8">CSEN</subfield>
    <subfield code="a">NALT</subfield>
    <subfield code="b">NALT</subfield>
    <subfield code="c">GEN</subfield>
    <subfield code="d">2023-05-14</subfield>
    <subfield code="o">PZ 90.T5 &#xE0A;498&#xE01; 2555</subfield>
    <subfield code="p">0100009436001</subfield>
    <subfield code="r">2023-06-29 00:00:00</subfield>
    <subfield code="w">2023-05-14</subfield>
    <subfield code="y">GB</subfield>
  </datafield>
</record>
